000 00283nam a2200109Ia 4500
008 220120s9999||||xx |||||||||||||| ||und||
100 _aGodse, A.P Bakshi, U. A
245 0 _aBasic electronics
260 _aTechnical publications
_bPune
_c2005
300 _b175
650 _aMATHEMATICS
999 _c132088
_d132088